| 000 | 00386nam a2200157Ia 4500 | ||
|---|---|---|---|
| 008 | 230524s9999 xx 000 0 und d | ||
| 082 |
_a621.402 _bRAJ |
||
| 100 | _aJ.S.Rajadurai | ||
| 245 | 0 | _aThermodynamics and Thermal Engineering | |
| 250 | _a1ST | ||
| 260 |
_aNEW DELHI _bNAI _c2003 |
||
| 300 | _a1060 | ||
| 500 | _aQuantity Number: 2 | ||
| 650 | _aThermodynamics | ||
| 942 | _cBK | ||
| 999 |
_c26127 _d26127 |
||